00661nam a22002177a 450000500170000001000150001702000260003202000230005803500130008103700130009408200120010710000210011924500560014025000110019626000390020727000560024630000350030250000190033750500550035665000320041120130527111134.0 aENG-107247 a9781259064906c295.00 a1259064905c295.00 aEN-90780 bDBAD/PUB a539.754 aMoore, Thomas A. aSix ideas that shaped physics /cby Thomas A. Moore a2nd ed aNew DelhibTata McGraw Hill c2013 aP-24, Green Park Park, ExtentionbNew Delhie110095 axviii, 285p.:bill.c28cm(pbk) aIncludes index aunit C :conservation laws constrain interactions / aConservation laws (Physics)